• 首页
  • 本馆介绍
  • 公告通知
  • 最新文献
  • 馆藏检索
  • 电子资源
  • 读者导购
  • 参考咨询
  • 我的图书馆
  • 登录
  • 详细信息显示
  • 放入我的书架
  • 预约/预借图书
  • 作者相关作品
  • 分类相关作品
  • 丛书相关作品
  • 出版社相关作品

书目信息

  • 表格格式
  • 工作单格式
  • 卡片格式
题名:
生死场
    
 
作者: 萧红 著
分册:  
出版信息: 长春   吉林出版集团股份有限公司  2017
页数: 297页
开本: 23cm
丛书名:
单 册:
中图分类: I216.2 , I246.5
科图分类:
主题词: 中国文学--Zhong Guo Wen Xue--当代文学--作品集
电子资源:
ISBN: 978-7-5581-2730-4
000 00806nam0 2200277 450
001 012001011529
005 20141121175150.0
010    @a978-7-5581-2730-4@dCNY48.00
099    @aCAL 012018068882
100    @a20180307d2017 em y0chiy50 ea
101 0  @achi
102    @aCN@b220000
105    @ay z 000zy
106    @ar
200 1  @a生死场@f萧红著@Asheng si chang
210    @a长春@c吉林出版集团股份有限公司@d2017
215    @a297页@d23cm
300    @a萧红文集
330    @a本书收录作者小说《生死场》及戏剧、诗歌、书信集。
500 10 @a生死场@Asheng si chang
606 0  @a中国文学@AZhong Guo Wen Xue@x当代文学@x作品集
690    @aI216.2@v5
690    @aI246.5@v5
701  0 @a萧红@f(1911~1942)@4著@Axiao hong
801  2 @aCN@b上海新华@c20191020
905    @b1183554-7@dI216.2@e991@f4
    
    生死场/萧红著.-长春:吉林出版集团股份有限公司,2017
    297页;23cm
    萧红文集
    
    ISBN 978-7-5581-2730-4:CNY48.00
    本书收录作者小说《生死场》及戏剧、诗歌、书信集。
●
相关链接 在E读中查询图书 在五车中查询图书 在当当中查询图书 在豆瓣中查询图书


正题名:生死场     索取号:I216.2/991         预约/预借

序号 登录号 条形码 馆藏地/架位号 状态 备注
1 1183554   211835549   第一样本阅览室/ [索取号:I216.2/991] 在馆    
2 1183555   211835558   第二借阅区/ [索取号:I216.2/991] 在馆    
3 1183556   211835567   第二借阅区/ [索取号:I216.2/991] 在馆    
4 1183557   211835576   第二借阅区/ [索取号:I216.2/991] 在馆    
唐山师范学院图书馆 欢迎您!
大连网信软件有限公司© 版权所有